000 00716 a2200205 4500
010 _aENG-85454
020 _c600.00
_a8185873283
035 _aEN-68987
037 _bD.B.Act / Pub
082 1 4 _a631.587
090 _c3167
_d3167
100 1 _aChoudhary, M. L.
245 1 _aMicro-irrigation for cash crops
_cby M. L. Choudhary and U. S. Kadam
260 _aNew Delhi
_bWestville Publishing House
_c2006
270 _a47, B-5, Paschim Vihar,
_bNew Delhi
_cDelhi
_e110063
_k25284742
300 _a162 p.
_c24 cm. (Pbk)
_bphotos (col)
500 _aIncludes bibliographical references
942 _adpl
_cEN
_k631.587 / CHO
999 _c3105
_d3105